Statistics for Countries with the Most People Bordering Them

Click here to take the quiz!

General Stats

  • This quiz has been taken 15,109 times
    (15,052 since last reset)
  • The average score is 16 of 20

Answer Stats

Population Country % Correct
1.56 bilRussia
92%
1.96 bilChina
92%
1.84 bilIndia
91%
2.82 bilPakistan
90%
2.71 bilNepal
85%
1.38 bilBangladesh
83%
1.54 bilMongolia
83%
342 milMexico
82%
1.41 bilVietnam
81%
1.73 bilAfghanistan
79%
2.95 bilMyanmar
78%
2.71 bilBhutan
78%
1.58 bilKazakhstan
77%
1.59 bilNorth Korea
77%
1.62 bilLaos
76%
376 milIran
73%
1.46 bilTajikistan
64%
1.45 bilKyrgyzstan
62%
331 milMalaysia
61%
419 milFrance
54%

Score Distribution

Percentile by Number Answered

Percent of People with Each Score

Your Score History

You have not taken this quiz since the last reset